Wszystkie 196 państw świata: Bez spółgłosek - Statystyki

Ogólne statystyki
  • Ten quiz został rozwiązany 2 299 razy
  • Średni wynik to 132 z 196
Odpowiedzi na mapie
Odpowiedzi zakodowano w zielono-czerwonej skali na mapie do tego quizu, zgodnie z poniższymi procentami.
 
Statystyki odpowiedzi
Samogłoski Pełna nazwa % Poprawnych
A Czad
98%
Ai I I Ei Saint Kitts i Nevis
92%
Oa Oman | Polska | Rosja | +2 others
91%
Oaia Holandia | Jordania
91%
Aa Ghana
90%
Aa Bahrajn | Francja | Katar | +4 others
89%
Ua Bhutan | Gruzja | Kuba | +2 others
87%
Aaa Jamajka | Kanada | Kazachstan | +2 others
86%
Aia Dania
86%
Ey Czechy
84%
Ia Irak | Iran | Liban | Litwa
84%
Iaia Finlandia
84%
Ai Ie I Eayy Saint Vincent i Grenadyny
83%
Ea Grecja | Nepal | Szwecja
83%
Ie Chile | Niger
83%
Y Cypr
83%
Ai Mali
82%
Ey Meksyk
82%
Ęy Węgry
82%
Ii Fidżi
82%
Ao Gabon | Laos
81%
Ei Benin | Egipt
81%
Oo Kongo | Togo
81%
Eia Kenia
80%
Iy Chiny
80%
Ee Jemen
79%
Aiua I Aua Antigua i Barbuda
78%
Ayia Brazylia | Tadżykistan
78%
Iaia Hiszpania | Irlandia | Islandia
78%
Iey Niemcy
77%
Uaia Bułgaria | Ukraina
77%
Iea Gwinea | Wietnam
76%
Oeia Norwegia | Słowenia
76%
Aaaa Madagaskar
75%
Aai Malawi
75%
Ay Eooe Stany Zjednoczone
75%
Eaii Eswatini
75%
Eu Peru
75%
Iie Indie
75%
Oua Honduras
75%
Ouaia Portugalia
75%
Aaia Afganistan | Albania | Szwajcaria | +2 others
74%
Aia Gambia | Pakistan | Zambia
74%
Auaia Australia
74%
Eao Ekwador
74%
Iaou Białoruś
74%
Oy Włochy
74%
Ue Kuwejt
74%
Aeya Argentyna
73%
Eia Belgia | Serbia
73%
Aoia Japonia
72%
Eoia Estonia
72%
Oaa Botswana | Chorwacja | Słowacja
72%
Oai Mozambik
72%
Ooia Mongolia
72%
Aoo Maroko
71%
Auia Austria
71%
Iea Yaia Wielka Brytania
71%
Uui Burundi
71%
iia Kirgistan
70%
Iia Libia
70%
Oaia Mołdawia | Somalia
70%
Uuia Rumunia
69%
Oiia Boliwia | Dominika
68%
Ooo Kosowo
67%
Aoa Andora | Angola | Kambodża | Samoa
66%
Eeuea Wenezuela
66%
I Aa Sri Lanka
66%
Ioea Indonezja | Mikronezja
66%
Oia I Eeoia Bośnia i Hercegowina
66%
Ouia Kolumbia
66%
Uua Urugwaj
66%
Aaia Auya Arabia Saudyjska
65%
Ai Uia Saint Lucia
65%
Aea Malezja
64%
Aii Haiti
64%
Oa Eaia Nowa Zelandia
64%
Oea Ouioa Korea Południowa
64%
Uea Tunezja
64%
Uia Surinam
64%
Oea Óoa Korea Północna
63%
Uaa Gujana | Uganda
63%
Aieia Algieria
62%
Eoo Lesotho
62%
Aeia Armenia
61%
Iiiy Filipiny
61%
Yia Syria
61%
Iae Izrael | Zimbabwe
60%
Uei Brunei
60%
Aoóa Czarnogóra
57%
Eee Seszele
57%
Ueia Turkmenistan | Uzbekistan
57%
Aae Bangladesz
56%
Aeea Azerbejdżan
56%
Oiiaa Dominikana
56%
Aua Oa Iea Papua-Nowa Gwinea
55%
Eioia Etiopia
55%
Ieia Liberia | Nigeria
55%
Aao Barbados | Salwador
53%
Aay Bahamy
53%
Aeoia Óoa Macedonia Północna
52%
Eea Senegal
52%
Eie Belize
52%
Eyea Erytrea
52%
Aiia Namibia
50%
Aueaia Mauretania
50%
Iaaua Nikaragua
50%
Oaya Kostaryka
50%
Aeaa Gwatemala
49%
Ueu Luksemburg
49%
Aeiy Malediwy
48%
Aeu Kamerun
48%
Eooe Eiay Aaie Zjednoczone Emiraty Arabskie
48%
Euia Ouioe Ayi Republika Południowej Afryki
48%
Ua Ouioy Sudan Południowy
46%
Aya Watykan
45%
Iui Dżibuti
45%
Aau Palau
44%
Eoaya Euia Oa Demokratyczna Republika Konga
42%
Iiai Kiribati
42%
Ooy Komory
41%
Uia Ao Burkina Faso
41%
Iea-iau Gwinea Bissau
40%
Oao Monako
40%
Auiiu Mauritius
39%
Iea Óioa Gwinea Równikowa
39%
Auau Vanuatu
38%
Auu Nauru
38%
Yee Oi Oioe Wybrzeże Kości Słoniowej
38%
Yy Aooa Wyspy Salomona
38%
Euia Oooayaa Republika Środkowoafrykańska
37%
Iea Eoe Sierra Leone
37%
Uau Tuvalu
37%
Yy Aaa Wyspy Marshalla
37%
A Aio San Marino
36%
Iau Singapur
34%
Io Oi Timor Wschodni
34%
Ieeei Liechtenstein
32%
Yia I Oao Trynidad i Tobago
29%
Euia Ieoeo Yąa Republika Zielonego Przylądka
28%
Eaa Grenada
27%
Yy Ięeo Oaa I Iąęa Wyspy Świętego Tomasza i Książęca
23%
Nie znaleziono quizów pasujących do podanych kryteriów
Rozkład punktacji
Procent ludzi z każdym wynikiem
Percentyl według liczby udzielonych odpowiedzi
Twoja historia wyników
Nie rozwiązałeś tego quizu